Gaming Quiz

Random Gaming or Capital Quiz

All Civ v capitals Quiz Stats

 Plays Quiz not verified by Sporcle

Score 0/43 Timer 05:00
0 Plays Today
Hint Answer % Correct
Washington
97.2%
London
90.6%
Paris
90.6%
Berlin
88.7%
Beijing
86.8%
Madrid
85.8%
Rome
84.9%
Moscow
82.1%
Kyoto
80.2%
Athens
76.4%
Copenhagen
76.4%
Lisbon
76.4%
Istanbul
71.7%
Stockholm
71.7%
Babylon
68.9%
Delhi
67.9%
Seoul
67.9%
Mecca
66%
Amsterdam
66%
Warsaw
66%
Vienna
63.2%
Venice
63.2%
Hint Answer % Correct
Constantinople
57.5%
Edinburgh
57.5%
Thebes
54.7%
Jakarta
54.7%
Carthage
52.8%
Attila's Court
52.8%
Tenochtitlan
50%
Addis Ababa
49.1%
Honolulu
47.2%
Rio
47.2%
Persepolis
43.4%
Cusco
41.5%
Marrakech
41.5%
Gao
36.8%
Karakorum
34.9%
Assur
34.9%
Ulundi
34%
Onondaga
32.1%
Moson Kahni
29.2%
Palenque
28.3%
Sukhothai
26.4%

You're not logged in!

Compare scores with friends on all Sporcle quizzes.
OR
Log In

Show Comments

Extras

Created Aug 15, 2015ReportNominate
Tags:Capital Quiz, civ, Sid Meier

Top Quizzes Today


Score Distribution

Your Account Isn't Verified!

In order to create a playlist on Sporcle, you need to verify the email address you used during registration. Go to your Sporcle Settings to finish the process.

Report this User

Report this user for behavior that violates our Community Guidelines.

Details: